| 000 | 01085cam a2200337 i 4500 | ||
|---|---|---|---|
| 001 | 000016075 | ||
| 003 | DO-SdBNP | ||
| 005 | 20240807100826.0 | ||
| 007 | ta | ||
| 008 | 961007s1996 sp 001 0 spa d | ||
| 020 | _a8475064612 | ||
| 040 |
_aDO-SdBNP _bspa _cBNPHU _drda |
||
| 082 |
_bB582 _222 |
||
| 130 | 0 |
_aBible. _p. O.T. _lLadino. _sFerrara. _f1996. _936050 |
|
| 245 | 1 | 0 |
_aBiblia de Ferrara / _cedición y prólogo de Moshe Lazar. |
| 264 |
_aMadrid : _bFundación José Antonio de Castro, _c1996. |
||
| 300 |
_axxvii, 1303 páginas ; _c23 cm. |
||
| 336 |
_2rdacontent _atexto _btxt |
||
| 337 |
_2rdamedia _asin mediación _bn |
||
| 338 |
_2rdacarrier _avolumen _bnc |
||
| 490 | 1 | _aBiblioteca Castro | |
| 504 | _aIncluye referencias bibliográficas (p. xxvi-xxvii). | ||
| 546 | _aTexto en ladino, con introducción en español. | ||
| 590 | _aInventaviado, 2024/DG | ||
| 650 | 4 |
_aInterpretación de la Biblia _91107 |
|
| 653 | _aBiblia. | ||
| 700 | 1 |
_aLazar, Moshe, _d1928- _eeditor _936051 |
|
| 830 | 0 |
_aBiblioteca Castro ; _912631 |
|
| 910 | _aDG | ||
| 942 |
_2ddc _cLBS1 |
||
| 999 |
_c15616 _d15616 |
||